000 00608nam a2200193 a 4500
001 000026326
005 20200930024510.0
008 091012s1982 dr 000 0 spa d
020 _a8484010252
040 _aDO-SdBNP
_bspa
_cBNPHU
082 _a972.93
_bG216c, 1982
100 1 _aGarcía, José Gabriel,
_d1834-1910.
_926153
245 1 0 _aCompendio de la historia de Santo Domingo /
_cJosé Gabriel García.
250 _a2a. ed.
260 _aSanto Domingo :
_bCentral de libros ,
_c1982.
300 _av. ;
_c25 cm.
500 _aLa biblioteca posee el v. 4
910 _aValidado. Control de calidad MFF
999 _c25818
_d25818